[Event "4NCL Division 2a"]
[Site "Daventry, ENG"]
[Date "2020.01.12"]
[Round "4.45"]
[White "Shephard, Chris C W"]
[Black "Richmond, Peter"]
[Result "1/2-1/2"]
[WhiteElo "2199"]
[BlackElo "2061"]
[PlyCount "117"]
[EventDate "2020.01.12"]
[WhiteTeam "Warwickshire Select 1"]
[BlackTeam "Check Innmates"]

1. e4 e5 2. Nf3 d6 3. d4 exd4 4. Nxd4 g6 5. Nc3 Bg7 6. Be2 Nc6 7. Be3 Nf6 8.
O-O O-O 9. Qd2 Re8 10. f3 a6 11. Rad1 Ne5 12. Bh6 b5 13. Bxg7 Kxg7 14. f4 Nc4
15. Bxc4 bxc4 16. e5 Ng4 17. Nf3 Bb7 18. h3 Nh6 19. exd6 Nf5 20. d7 Re6 21. Nd4
Rd6 22. Nxf5+ gxf5 23. Qe2 Qxd7 24. Qxc4 Re8 25. Rxd6 Qxd6 26. Rd1 Qg6 27. Qd4+
Kh6 28. Rd2 Re6 29. Qf2 Qf6 30. Kh2 Rb6 31. Nd5 Bxd5 32. Rxd5 Rxb2 33. a4 Rb4
34. a5 Rc4 35. Re5 Kg7 36. Qg3+ Qg6 37. Qf2 Qc6 38. Rxf5 Rxc2 39. Rg5+ Kf8 40.
Qd4 Re2 41. Qg7+ Ke7 42. Qxh7 Qf6 43. Rf5 Qe6 44. Qh4+ Kd7 45. Rf6 Qe7 46. Qg4+
Re6 47. Rxe6 fxe6 48. h4 c5 49. h5 c4 50. h6 c3 51. Qg7 c2 52. Qxe7+ Kxe7 53.
h7 c1=Q 54. h8=Q Qxf4+ 55. Kh1 Qc1+ 56. Kh2 Qc2 57. Kh3 Qa4 58. Qg7+ Kd6 59.
Qf8+ 1/2-1/2

[Event "4NCL Division 2a"]
[Site "Daventry, ENG"]
[Date "2020.01.12"]
[Round "4.46"]
[White "Jones, Mark A"]
[Black "Page, Mark E"]
[Result "0-1"]
[WhiteElo "2095"]
[BlackElo "2102"]
[PlyCount "58"]
[EventDate "2020.01.12"]
[WhiteTeam "Check Innmates"]
[BlackTeam "Warwickshire Select 1"]

1. e4 c5 2. Nf3 d6 3. d4 cxd4 4. Nxd4 Nf6 5. Nc3 a6 6. Be2 e5 7. Nb3 Be7 8. Be3
Be6 9. O-O Nbd7 10. a4 Qc7 11. f4 O-O 12. f5 Bc4 13. Nd2 Bxe2 14. Qxe2 b5 15.
Rfc1 b4 16. Nd5 Nxd5 17. exd5 Nf6 18. c4 bxc3 19. Rxc3 Qb7 20. Rb3 Qxd5 21. Nc4
Rac8 22. Rc3 Qe4 23. Rac1 Qxf5 24. Na5 Rxc3 25. Rxc3 Nd5 26. Rd3 e4 27. Rb3
Nxe3 28. Nc6 Nd5 29. Qd2 Bg5 0-1

[Event "4NCL Division 2a"]
[Site "Daventry, ENG"]
[Date "2020.01.12"]
[Round "4.47"]
[White "Phillips, David"]
[Black "Girdlestone, Paul C"]
[Result "0-1"]
[WhiteElo "2035"]
[BlackElo "2008"]
[PlyCount "96"]
[EventDate "2020.01.12"]
[WhiteTeam "Warwickshire Select 1"]
[BlackTeam "Check Innmates"]

1. d4 Nf6 2. Bf4 d5 3. e3 c5 4. c3 cxd4 5. exd4 Bf5 6. Qb3 Qc8 7. Nf3 Nc6 8.
Ne5 a6 9. Nd2 e6 10. Ndf3 Be7 11. Be2 O-O 12. h3 Nd7 13. O-O f6 14. Nxc6 bxc6
15. Nh4 Bxh3 16. gxh3 g5 17. Bh5 gxf4 18. Rae1 f5 19. Ng2 Nf6 20. Bf3 Bd6 21.
Re2 Ra7 22. c4 Rb7 23. Qc2 Ne4 24. Rc1 Ng5 25. Qd3 Qd7 26. cxd5 cxd5 27. h4 Qb5
28. Rc3 Qxd3 29. Rxd3 Nxf3+ 30. Rxf3 Kf7 31. Nxf4 Rg8+ 32. Kf1 Rc7 33. Re1 Bxf4
34. Rxf4 Rc2 35. Rb1 Kf6 36. a4 Rb8 37. b4 Rc4 38. b5 Rxa4 39. b6 Ra5 40. b7
Rb5 41. Rc1 R8xb7 42. Rc6 R5b6 43. Rc5 Rb3 44. Kg2 Rd3 45. Rc6 Ra7 46. Rc8 a5
47. Rf8+ Ke7 48. Rh8 Kd6 0-1

[Event "4NCL Division 2a"]
[Site "Daventry, ENG"]
[Date "2020.01.12"]
[Round "4.48"]
[White "Bourne, Johnathan D"]
[Black "Green, Anthony J"]
[Result "1/2-1/2"]
[WhiteElo "1906"]
[BlackElo "1951"]
[PlyCount "35"]
[EventDate "2020.01.12"]
[WhiteTeam "Check Innmates"]
[BlackTeam "Warwickshire Select 1"]

1. e4 d6 2. Nc3 Nf6 3. f4 d5 4. e5 d4 5. exf6 dxc3 6. fxg7 cxd2+ 7. Qxd2 Qxd2+
8. Bxd2 Bxg7 9. O-O-O Nc6 10. Nf3 Bf5 11. Bb5 O-O 12. Bxc6 bxc6 13. Be3 a5 14.
Bd4 Bg4 15. Bxg7 Kxg7 16. Rhf1 Bxf3 17. Rxf3 Rfd8 18. Rc3 1/2-1/2

[Event "4NCL Division 2a"]
[Site "Daventry, ENG"]
[Date "2020.02.08"]
[Round "5.11"]
[White "Pitcher, John"]
[Black "Rudd, Jack"]
[Result "0-1"]
[WhiteElo "2241"]
[BlackElo "2331"]
[PlyCount "92"]
[EventDate "2020.02.08"]
[WhiteTeam "Warwickshire Select 1"]
[BlackTeam "West is Best 1"]

1. e4 c6 2. d4 d5 3. e5 c5 4. dxc5 Nc6 5. Bb5 e6 6. Qg4 Bd7 7. Bxc6 Bxc6 8. Nf3
Qa5+ 9. Nc3 Qxc5 10. Be3 Qb4 11. Qxb4 Bxb4 12. Bd2 Ne7 13. Nd4 O-O 14. f4 Rfc8
15. O-O-O Bd7 16. Rhe1 Nc6 17. Ncb5 Bc5 18. Bc3 Nxd4 19. Nxd4 b5 20. Nf3 b4 21.
Bd4 Be7 22. Kb1 a5 23. Rc1 a4 24. c3 Bb5 25. Re3 Bc4 26. Ka1 Rab8 27. cxb4 Bxb4
28. a3 Bb3 29. Rxc8+ Rxc8 30. Bc3 Bc5 31. Rd3 Bc4 32. Rd1 Be2 33. Rc1 Be3 34.
Re1 Bxf3 35. Rxe3 Bxg2 36. Rd3 Be4 37. Rd4 Rc4 38. Rd1 h6 39. Ka2 Kh7 40. Re1
Bd3 41. Rd1 Bc2 42. Rf1 d4 43. Bd2 Bb3+ 44. Kb1 Rc2 45. Rd1 Kg6 46. Rg1+ Kf5
0-1

[Event "4NCL Division 2a"]
[Site "Daventry, ENG"]
[Date "2020.02.08"]
[Round "5.12"]
[White "Blackburn, Jonathan L B"]
[Black "Bowcott-Terry, Finlay"]
[Result "1-0"]
[WhiteElo "2242"]
[BlackElo "2162"]
[PlyCount "141"]
[EventDate "2020.02.08"]
[WhiteTeam "West is Best 1"]
[BlackTeam "Warwickshire Select 1"]

1. d4 f5 2. g3 Nf6 3. Bg2 g6 4. Nf3 Bg7 5. O-O d6 6. c3 e6 7. Qb3 Qe7 8. Bg5
O-O 9. Nbd2 Kh8 10. e4 e5 11. Rae1 h6 12. dxe5 dxe5 13. exf5 Nc6 14. Bxf6 Bxf6
15. fxg6 Rb8 16. Ne4 Be6 17. Qc2 Bc4 18. Nfd2 Bxf1 19. Nxf1 Bg7 20. Ne3 Rbd8
21. b4 b6 22. Qe2 Qe6 23. Qh5 Ne7 24. Ng5 Qxg6 25. Qxg6 Nxg6 26. Ne6 Rd2 27.
Nxf8 Nxf8 28. Bd5 e4 29. Rc1 Nd7 30. a4 Nf6 31. Bc6 Rd6 32. b5 Bf8 33. Kf1 Rd3
34. Ke2 Bc5 35. h3 Kg8 36. Nd1 Kf7 37. Rc2 Ke6 38. Rd2 Rf3 39. Rd8 Rf5 40. g4
Rg5 41. Rc8 Bd6 42. Ne3 Rc5 43. Rh8 h5 44. gxh5 Rxh5 45. Rxh5 Nxh5 46. Bxe4 Ke5
47. Bf5 Bc5 48. Bc8 Nf4+ 49. Kf3 Nd3 50. h4 Kf6 51. Bg4 Ke5 52. h5 Kf6 53. h6
Ne5+ 54. Kf4 Nd3+ 55. Kf3 Ne5+ 56. Kf4 Nd3+ 57. Kg3 Bd6+ 58. Kf3 Ne5+ 59. Ke4
Nf7 60. Nf5 Be5 61. c4 Nd6+ 62. Nxd6 Bxd6 63. h7 Kg7 64. Bf5 Bc5 65. f3 Kh8 66.
Kd5 Kg7 67. Kc6 Bd6 68. Kb7 Bf4 69. Kxa7 Be5 70. Kb7 Bf4 71. c5 1-0

[Event "4NCL Division 2a"]
[Site "Daventry, ENG"]
[Date "2020.02.08"]
[Round "5.13"]
[White "Hanley, James L"]
[Black "Cooper, John G"]
[Result "1/2-1/2"]
[WhiteElo "2161"]
[BlackElo "2236"]
[PlyCount "41"]
[EventDate "2020.02.08"]
[WhiteTeam "Warwickshire Select 1"]
[BlackTeam "West is Best 1"]

1. e4 c5 2. Nf3 g6 3. d4 cxd4 4. Nxd4 Bg7 5. c4 Nc6 6. Nc2 d6 7. Be2 Nf6 8. Nc3
O-O 9. O-O Be6 10. Be3 Rc8 11. f3 Nd7 12. Qd2 Re8 13. Rfd1 Qa5 14. Nd5 Qxd2 15.
Rxd2 Bxb2 16. Rb1 Bg7 17. Rxb7 Nc5 18. Rb5 Na4 19. Rb7 Nc5 20. Rb5 Na4 21. Rb7
1/2-1/2

[Event "4NCL Division 2a"]
[Site "Daventry, ENG"]
[Date "2020.02.08"]
[Round "5.14"]
[White "Jones, Steven A"]
[Black "Mason, Donald J"]
[Result "1-0"]
[WhiteElo "2227"]
[BlackElo "2140"]
[PlyCount "69"]
[EventDate "2020.02.08"]
[WhiteTeam "West is Best 1"]
[BlackTeam "Warwickshire Select 1"]

1. d4 Nf6 2. Nf3 g6 3. Nbd2 d5 4. e3 Bg7 5. b4 O-O 6. c4 a5 7. b5 c5 8. dxc5
Ne4 9. Nxe4 Bxa1 10. cxd5 Bf5 11. Ng3 Bc3+ 12. Bd2 Bxd2+ 13. Qxd2 Qc7 14. Nxf5
gxf5 15. Qc2 Nd7 16. c6 Nf6 17. Bc4 Ne4 18. O-O Qd6 19. Nd4 Qf6 20. b6 Kh8 21.
Bd3 Nd6 22. Nxf5 Nxf5 23. Bxf5 e6 24. dxe6 fxe6 25. cxb7 Rad8 26. Bh3 Rd6 27.
Rb1 Rc6 28. Qe2 Rd6 29. g3 Rfd8 30. Qc4 Qf3 31. Qc8 Qe4 32. Rc1 Kg7 33. b8=Q
Rd1+ 34. Rxd1 Rxd1+ 35. Bf1 1-0

[Event "4NCL Division 2a"]
[Site "Daventry, ENG"]
[Date "2020.02.08"]
[Round "5.15"]
[White "Galloway, Iain A"]
[Black "Redmond, John P."]
[Result "0-1"]
[WhiteElo "2127"]
[BlackElo "2194"]
[PlyCount "66"]
[EventDate "2020.02.08"]
[WhiteTeam "Warwickshire Select 1"]
[BlackTeam "West is Best 1"]

1. e4 e6 2. b3 d5 3. Bb2 dxe4 4. Nc3 Nf6 5. Qe2 Bb4 6. O-O-O Qe7 7. Nxe4 Nbd7
8. d4 Ba3 9. Nf3 a5 10. Nxf6+ Nxf6 11. c3 O-O 12. Ne5 Bxb2+ 13. Qxb2 b6 14. g4
Bb7 15. Rg1 Rfd8 16. g5 Nd7 17. f4 Nxe5 18. fxe5 c5 19. Bd3 cxd4 20. cxd4 a4
21. Kb1 axb3 22. axb3 Qb4 23. Rg3 g6 24. Bc2 Rdc8 25. h4 Rxc2 26. Qxc2 Qa3 27.
Qb2 Be4+ 28. Rdd3 Qb4 29. Rge3 Bxd3+ 30. Rxd3 Qe1+ 31. Kc2 Qe2+ 32. Rd2 Rc8+
33. Kb1 Qe1+ 0-1

[Event "4NCL Division 2a"]
[Site "Daventry, ENG"]
[Date "2020.02.08"]
[Round "5.16"]
[White "Phillips, Roy"]
[Black "Baruch, Andrew J D"]
[Result "1-0"]
[WhiteElo "2176"]
[BlackElo "2076"]
[PlyCount "65"]
[EventDate "2020.02.08"]
[WhiteTeam "West is Best 1"]
[BlackTeam "Warwickshire Select 1"]

1. g3 g6 2. Bg2 Bg7 3. e4 d6 4. d4 e5 5. Ne2 Nc6 6. d5 Nce7 7. O-O f5 8. f3 Nf6
9. c4 O-O 10. Nbc3 c5 11. Rb1 b6 12. b4 cxb4 13. Rxb4 Nd7 14. Nb5 Nc5 15. Nec3
a6 16. Na3 Bd7 17. Be3 Qc7 18. Qd2 fxe4 19. fxe4 Rxf1+ 20. Bxf1 Rf8 21. Nc2 Nc8
22. Ne1 Bg4 23. Bg2 Qf7 24. Rb1 b5 25. cxb5 Nb6 26. bxa6 Nc4 27. Qc1 Nxe3 28.
Qxe3 Qa7 29. h3 Bd7 30. Nd3 Bh6 31. Qxh6 Nxd3+ 32. Kh2 Qf2 33. Rf1 1-0

[Event "4NCL Division 2a"]
[Site "Daventry, ENG"]
[Date "2020.02.08"]
[Round "5.17"]
[White "Page, Mark E"]
[Black "Bullen, Alex"]
[Result "0-1"]
[WhiteElo "2110"]
[BlackElo "2039"]
[PlyCount "68"]
[EventDate "2020.02.08"]
[WhiteTeam "Warwickshire Select 1"]
[BlackTeam "West is Best 1"]

1. e4 c6 2. d4 d5 3. Nd2 dxe4 4. Nxe4 Bf5 5. Ng3 Bg6 6. Bc4 e6 7. N1e2 Bd6 8.
h4 h6 9. Nf4 Bxf4 10. Bxf4 Nf6 11. h5 Bh7 12. Qe2 O-O 13. O-O-O a5 14. Bd3 Bxd3
15. Qxd3 Nd5 16. Bxb8 Qxb8 17. Kb1 a4 18. c4 Nf6 19. Ne4 Qf4 20. Nxf6+ Qxf6 21.
a3 Rfd8 22. Qe4 Qxf2 23. g4 Rd7 24. g5 hxg5 25. Rhf1 Qh4 26. Qf3 Ra5 27. c5 Rb5
28. Rd3 g4 29. Qf4 Rb3 30. Rdd1 Qg3 31. Qc1 Qe3 32. Qc2 Rxd4 33. Rxd4 Qxd4 34.
Rd1 Rxb2+ 0-1

[Event "4NCL Division 2a"]
[Site "Daventry, ENG"]
[Date "2020.02.08"]
[Round "5.18"]
[White "Davies, Merlin"]
[Black "Cooper, David M"]
[Result "0-1"]
[WhiteElo "1529"]
[BlackElo "2015"]
[PlyCount "68"]
[EventDate "2020.02.08"]
[WhiteTeam "West is Best 1"]
[BlackTeam "Warwickshire Select 1"]

1. e4 e6 2. d3 d5 3. Nd2 Nf6 4. Ngf3 c5 5. g3 Nc6 6. Bg2 Be7 7. O-O O-O 8. Re1
b5 9. exd5 exd5 10. c4 bxc4 11. dxc4 dxc4 12. Ne5 Nxe5 13. Bxa8 Bg4 14. f3 Qd4+
15. Kg2 Rxa8 16. fxg4 Nfxg4 17. Ne4 f5 18. Qxd4 cxd4 19. Nf2 Bb4 20. Nxg4 Nxg4
21. Rd1 d3 22. Bd2 Rb8 23. Rac1 Bxd2 24. Rxd2 Ne3+ 25. Kf3 Nc2 26. Rb1 Kf7 27.
Kf4 Kf6 28. h4 Rb4 29. Rdd1 c3+ 30. Kf3 Nd4+ 31. Ke3 c2 32. Kxd3 cxd1=Q+ 33.
Rxd1 Ne6 34. Kc3 Rg4 0-1

[Event "4NCL Division 2a"]
[Site "Daventry, ENG"]
[Date "2020.02.08"]
[Round "5.21"]
[White "Graham, David B"]
[Black "Keetman, Maaike"]
[Result "0-1"]
[WhiteElo "2260"]
[BlackElo "2193"]
[PlyCount "100"]
[EventDate "2020.02.08"]
[WhiteTeam "Sussex Martlets 1"]
[BlackTeam "Chessable White Rose 2"]

1. e4 e6 2. d4 d5 3. Nc3 Nf6 4. Bg5 dxe4 5. Nxe4 Be7 6. Bxf6 gxf6 7. Nf3 f5 8.
Nc3 a6 9. g3 b5 10. Bg2 Bb7 11. O-O c5 12. dxc5 Bxc5 13. Qxd8+ Kxd8 14. Ne5
Bxg2 15. Kxg2 Ke7 16. Rad1 f6 17. Nd3 Bd6 18. Rfe1 Kf7 19. Ne2 Nc6 20. Ndf4
Rad8 21. c3 Rhe8 22. Nc1 Bxf4 23. gxf4 e5 24. Nd3 e4 25. Nc5 Ne7 26. Nb7 Rg8+
27. Kf1 Rd5 28. b4 Rb8 29. Nc5 Rb6 30. Nb3 Rbd6 31. Rd4 Ng6 32. Red1 Nxf4 33.
Nc5 Rxd4 34. Rxd4 Rxd4 35. cxd4 Ne6 36. Nxa6 Nxd4 37. Nc7 Ke7 38. Kg2 Kd6 39.
Ne8+ Ke5 40. Nc7 f4 41. a3 f3+ 42. Kf1 f5 43. Na6 Nc2 44. Nc5 Nxa3 45. Nd7+ Kd4
46. Nf6 f4 47. Nxh7 Ke5 48. Ng5 Kf5 49. Nf7 e3 50. fxe3 fxe3 0-1

[Event "4NCL Division 2a"]
[Site "Daventry, ENG"]
[Date "2020.02.08"]
[Round "5.22"]
[White "Gayson, Peter M"]
[Black "Cumming, Rhys"]
[Result "0-1"]
[WhiteElo "2140"]
[BlackElo "2289"]
[PlyCount "116"]
[EventDate "2020.02.08"]
[WhiteTeam "Chessable White Rose 2"]
[BlackTeam "Sussex Martlets 1"]

1. e4 e5 2. Bc4 Nf6 3. d4 exd4 4. Nf3 Nc6 5. O-O Nxe4 6. Re1 d5 7. Bxd5 Qxd5 8.
Nc3 Qd7 9. Nxe4 Be7 10. Bg5 O-O 11. Bxe7 Qxe7 12. Nxd4 Bd7 13. Nb3 Rae8 14. Qd2
Bc8 15. Nc3 Qf6 16. Rxe8 Rxe8 17. Re1 Rd8 18. Qe3 h6 19. h3 Bf5 20. Re2 Qg6 21.
Ne4 Rd1+ 22. Kh2 Rb1 23. Ng3 Rxb2 24. Nd4 Bd7 25. Qf4 Qd6 26. Qxd6 cxd6 27.
Ndf5 Rxa2 28. Nxd6 Rb2 29. Nge4 b6 30. Nc4 Rb4 31. Ned6 Be6 32. Ne5 Nxe5 33.
Rxe5 a5 34. Rb5 Rxb5 35. Nxb5 Kf8 36. Kg3 Ke7 37. Kf4 Bc4 38. Na3 Bf1 39. g3 b5
40. c3 b4 41. cxb4 axb4 42. Nc2 b3 43. Na3 Bxh3 44. Ke5 Be6 45. Kd4 g5 46. Kc3
h5 47. Nb5 h4 48. Nd4 h3 49. Nf3 g4 50. Nh2 f5 51. Kb2 Kd6 52. Kc3 Kc5 53. Nf1
Kb5 54. Nh2 Ka4 55. Kb2 Kb4 56. f3 Kc4 57. fxg4 fxg4 58. Nf1 Kd3 0-1

[Event "4NCL Division 2a"]
[Site "Daventry, ENG"]
[Date "2020.02.08"]
[Round "5.23"]
[White "Miller, Dominic"]
[Black "Arnott, Jonathan W"]
[Result "1-0"]
[WhiteElo "2252"]
[BlackElo "2127"]
[PlyCount "91"]
[EventDate "2020.02.08"]
[WhiteTeam "Sussex Martlets 1"]
[BlackTeam "Chessable White Rose 2"]

1. e4 e6 2. d4 d5 3. Nc3 Nf6 4. e5 Nfd7 5. f4 c5 6. Nf3 Nc6 7. Be3 h6 8. Qd2 g5
9. dxc5 gxf4 10. Bxf4 Nxc5 11. O-O-O Bd7 12. Nd4 a6 13. Be2 Qc7 14. Nxd5 exd5
15. e6 Bd6 16. exd7+ Nxd7 17. Qe3+ Be5 18. Nxc6 bxc6 19. g3 Qb6 20. b3 Qxe3+
21. Bxe3 Bg7 22. c4 O-O 23. cxd5 cxd5 24. Rxd5 Rfe8 25. Rxd7 Rxe3 26. Bc4 Rf3
27. Rf1 Rxf1+ 28. Bxf1 f5 29. Bc4+ Kh7 30. Bd3 Rc8+ 31. Kd2 Rc5 32. g4 Kg8 33.
Bc4+ Kh8 34. Rd8+ Kh7 35. gxf5 Bf6 36. Rd6 Bg5+ 37. Kd3 Rxf5 38. Rxa6 Rf2 39.
b4 Bf4 40. h3 Rh2 41. Ke4 Rxh3 42. Ra7+ Kh8 43. Ra8+ Kg7 44. Rg8+ Kh7 45. Kxf4
h5 46. Rc8 1-0

[Event "4NCL Division 2a"]
[Site "Daventry, ENG"]
[Date "2020.02.08"]
[Round "5.24"]
[White "Shaw, Peter"]
[Black "Grant, David J"]
[Result "1/2-1/2"]
[WhiteElo "2052"]
[BlackElo "2222"]
[PlyCount "60"]
[EventDate "2020.02.08"]
[WhiteTeam "Chessable White Rose 2"]
[BlackTeam "Sussex Martlets 1"]

1. d4 Nf6 2. c4 g6 3. Nc3 Bg7 4. e4 d6 5. Nf3 O-O 6. Be2 e5 7. Be3 Ng4 8. Bg5
f6 9. Bh4 g5 10. Bg3 Nh6 11. d5 Nd7 12. Nd2 f5 13. exf5 Nf6 14. Nde4 Nxe4 15.
Nxe4 Bxf5 16. Bd3 g4 17. O-O Kh8 18. Qc2 b6 19. Rae1 Bg6 20. Qd1 Qe7 21. Kh1
Rf7 22. Qd2 Rf5 23. Nc3 Rh5 24. f4 gxf3 25. Rxf3 Nf5 26. Bf2 Bh6 27. Qc2 Nh4
28. Rh3 Rf8 29. Bxg6 hxg6 30. Bxh4 Rxh4 1/2-1/2

[Event "4NCL Division 2a"]
[Site "Daventry, ENG"]
[Date "2020.02.08"]
[Round "5.25"]
[White "Brewer, Callum D"]
[Black "Ho, Conrad"]
[Result "1-0"]
[WhiteElo "2230"]
[BlackElo "2046"]
[PlyCount "37"]
[EventDate "2020.02.08"]
[WhiteTeam "Sussex Martlets 1"]
[BlackTeam "Chessable White Rose 2"]

1. e4 d6 2. d4 Nf6 3. Nc3 e5 4. Nge2 Nbd7 5. h3 Be7 6. g4 c6 7. Bg2 a6 8. Ng3
exd4 9. Qxd4 Qb6 10. Qd2 Nc5 11. g5 Ng8 12. Qd4 f6 13. Nh5 Kf7 14. Bf1 Be6 15.
Nf4 Nd7 16. Nxe6 Kxe6 17. Bc4+ d5 18. Bxd5+ Kd6 19. Bf4+ 1-0

[Event "4NCL Division 2a"]
[Site "Daventry, ENG"]
[Date "2020.02.08"]
[Round "5.26"]
[White "Burnett, Jim"]
[Black "Blake, J Morgan"]
[Result "1/2-1/2"]
[WhiteElo "2030"]
[BlackElo "2147"]
[PlyCount "38"]
[EventDate "2020.02.08"]
[WhiteTeam "Chessable White Rose 2"]
[BlackTeam "Sussex Martlets 1"]

1. d4 d5 2. c4 e6 3. Nc3 Nf6 4. Bg5 Be7 5. e3 O-O 6. Nf3 h6 7. Bh4 b6 8. Bd3
dxc4 9. Bxc4 Bb7 10. O-O Nbd7 11. Qe2 Ne4 12. Bg3 Ndf6 13. Rfd1 Nxc3 14. bxc3
Ne4 15. Rac1 Bf6 16. Be5 Bxe5 17. Nxe5 a6 18. Bd3 Qe7 19. Bb1 Rfd8 1/2-1/2

[Event "4NCL Division 2a"]
[Site "Daventry, ENG"]
[Date "2020.02.08"]
[Round "5.27"]
[White "Willson, Ollie"]
[Black "Busuioc, Alexandra"]
[Result "1/2-1/2"]
[WhiteElo "2147"]
[BlackElo "1921"]
[PlyCount "113"]
[EventDate "2020.02.08"]
[WhiteTeam "Sussex Martlets 1"]
[BlackTeam "Chessable White Rose 2"]

1. d4 d6 2. c4 Nf6 3. Nc3 g6 4. e4 Bg7 5. Nf3 O-O 6. h3 e5 7. d5 a6 8. Be3 Nbd7
9. g4 Nc5 10. Nd2 a5 11. Be2 Qe7 12. h4 c6 13. g5 Nfd7 14. h5 Nb8 15. Nf1 Nba6
16. Qd2 Rb8 17. Ng3 Rd8 18. Kf1 Nc7 19. f3 Bd7 20. Bxc5 dxc5 21. d6 Be6 22.
dxc7 Qxc7 23. Qe3 Rd4 24. b3 Rbd8 25. Kf2 Bf8 26. Rh2 R8d7 27. Rg1 Qd8 28. Nf1
Rd3 29. Bxd3 Rxd3 30. Qe1 Qd4+ 31. Ne3 Rxc3 32. Qe2 Rd3 33. Qe1 Be7 34. hxg6
fxg6 35. Rhg2 Rd2+ 36. Kg3 Rxg2+ 37. Kxg2 Bxg5 38. Nf1 Bh3+ 39. Kh1 Bf4 40. Qh4
Bxf1 41. Rxf1 Qd7 42. Qg4 Qd8 43. Kg2 Kf7 44. Qh3 h5 45. Qh1 Qg5+ 46. Kf2 Bd2
47. Qh3 Qd8 48. Kg2 Be3 49. Kh1 b5 50. Re1 Bf4 51. Rg1 h4 52. Qg4 g5 53. Qf5+
Kg7 54. Qe6 Qd2 55. Qe7+ Kg8 56. Qe8+ Kg7 57. Qe7+ 1/2-1/2

[Event "4NCL Division 2a"]
[Site "Daventry, ENG"]
[Date "2020.02.08"]
[Round "5.28"]
[White "Chan, Sheng Liang Bernard"]
[Black "Graham, Cassie M"]
[Result "1-0"]
[WhiteElo "1802"]
[BlackElo "2087"]
[PlyCount "137"]
[EventDate "2020.02.08"]
[WhiteTeam "Chessable White Rose 2"]
[BlackTeam "Sussex Martlets 1"]

1. d4 Nf6 2. Bf4 g6 3. e3 Bg7 4. c3 d6 5. Nd2 O-O 6. Ngf3 Nfd7 7. Bd3 e5 8. Bg3
Nc6 9. O-O Kh8 10. dxe5 dxe5 11. e4 Nc5 12. Bc2 a5 13. Qe2 b6 14. Rfd1 Ba6 15.
Qe3 Qe7 16. Nf1 Rfd8 17. Qc1 Rxd1 18. Qxd1 Rd8 19. Qb1 Be2 20. Ne3 Bxf3 21.
gxf3 Ne6 22. Nd5 Qd7 23. Qc1 Ne7 24. Bh4 Nxd5 25. exd5 Nf4 26. Qf1 Re8 27. Rd1
Bf8 28. Bg3 Nh3+ 29. Kg2 Ng5 30. Qc4 Qh3+ 31. Kh1 Bd6 32. Qg4 h6 33. Re1 f5 34.
Qxh3 Nxh3 35. Kg2 Ng5 36. f4 Ne4 37. fxe5 Bxe5 38. Bxe4 Bxg3 39. Kxg3 fxe4 40.
Re2 g5 41. f3 e3 42. f4 Kg7 43. fxg5 hxg5 44. Kf3 Re5 45. c4 Kf6 46. Rxe3 g4+
47. Kf4 Rxe3 48. Kxe3 Ke5 49. b3 Kf5 50. a3 Ke5 51. b4 a4 52. b5 Kf5 53. Kd4
Kf4 54. c5 bxc5+ 55. Kxc5 Kf3 56. b6 cxb6+ 57. Kxb6 Kg2 58. d6 Kxh2 59. d7 g3
60. d8=Q g2 61. Qh4+ Kg1 62. Qe1+ Kh2 63. Kb5 g1=Q 64. Qxg1+ Kxg1 65. Kxa4 Kf2
66. Kb5 Ke3 67. a4 Ke4 68. a5 Ke5 69. a6 1-0

[Event "4NCL Division 2a"]
[Site "Daventry, ENG"]
[Date "2020.02.08"]
[Round "5.31"]
[White "Martin, Lewis"]
[Black "Moore, Graham J"]
[Result "1-0"]
[WhiteElo "2198"]
[BlackElo "2254"]
[PlyCount "65"]
[EventDate "2020.02.08"]
[WhiteTeam "Check Innmates"]
[BlackTeam "Anglian Avengers"]

1. e4 e6 2. d4 d5 3. Nd2 Nf6 4. e5 Nfd7 5. f4 c5 6. c3 Nc6 7. Ndf3 Qb6 8. Ne2
Be7 9. g3 O-O 10. Bh3 cxd4 11. cxd4 f6 12. O-O fxe5 13. Bxe6+ Kh8 14. Ng5 exd4
15. Nf7+ Rxf7 16. Bxf7 d3+ 17. Kg2 dxe2 18. Qxe2 Nf6 19. Be3 d4 20. Bf2 Bg4 21.
Qe1 Bb4 22. Qc1 Rc8 23. h3 Ne5 24. fxe5 Rxc1 25. Raxc1 Bd7 26. exf6 Bc6+ 27.
Kh2 gxf6 28. Rc4 Be7 29. Bxd4 Qd8 30. Bc3 Bb5 31. Rxf6 Bxf6 32. Rc8 Qxc8 33.
Bxf6# 1-0

[Event "4NCL Division 2a"]
[Site "Daventry, ENG"]
[Date "2020.02.08"]
[Round "5.32"]
[White "Lewis, Andrew P"]
[Black "Richmond, Peter"]
[Result "1-0"]
[WhiteElo "2253"]
[BlackElo "2061"]
[PlyCount "49"]
[EventDate "2020.02.08"]
[WhiteTeam "Anglian Avengers"]
[BlackTeam "Check Innmates"]

1. c4 c6 2. d4 d5 3. cxd5 cxd5 4. Bf4 Nc6 5. e3 Nf6 6. Nc3 a6 7. Be2 e6 8. Nf3
Be7 9. h3 b5 10. Rc1 Bb7 11. O-O O-O 12. Bd3 Nd7 13. Qe2 f5 14. g4 fxg4 15.
hxg4 b4 16. Na4 e5 17. dxe5 Qa5 18. Qc2 Kh8 19. Bxh7 Rfc8 20. Qf5 Nf8 21. Kg2
Bh4 22. Rh1 Qd8 23. Bg6 Nxg6 24. Qxg6 d4 25. e4 1-0

[Event "4NCL Division 2a"]
[Site "Daventry, ENG"]
[Date "2020.02.08"]
[Round "5.33"]
[White "Headlong, Timothy"]
[Black "Walker, Martin G"]
[Result "0-1"]
[WhiteElo "2080"]
[BlackElo "2275"]
[PlyCount "86"]
[EventDate "2020.02.08"]
[WhiteTeam "Check Innmates"]
[BlackTeam "Anglian Avengers"]

1. Nf3 d5 2. c4 d4 3. d3 g6 4. g3 Bg7 5. Bg2 Nc6 6. O-O e5 7. Na3 Nge7 8. Nc2
a5 9. Bd2 O-O 10. b3 Re8 11. a3 f6 12. b4 Be6 13. bxa5 Nxa5 14. Bxa5 Rxa5 15.
Nd2 b6 16. Qb1 Qd7 17. Rd1 Bg4 18. Re1 Kf7 19. Qb3 h5 20. Nf1 Be6 21. Qb1 h4
22. e3 dxe3 23. Ncxe3 Rd8 24. Rd1 f5 25. Ra2 f4 26. Nd5 Nxd5 27. cxd5 Bxd5 28.
Bxd5+ Rxd5 29. Rc2 Qd6 30. Rdc1 c5 31. Rb2 Rb8 32. Nd2 hxg3 33. hxg3 Rxd3 34.
Ne4 Qd5 35. Nxc5 Rh8 36. f3 Rxf3 37. Ne4 Re3 38. Ng5+ Ke7 39. Rc7+ Kd8 40. Ne6+
Qxe6 41. Rxb6 Rh1+ 42. Kxh1 Qh3+ 43. Kg1 Rxg3+ 0-1

[Event "4NCL Division 2a"]
[Site "Daventry, ENG"]
[Date "2020.02.08"]
[Round "5.34"]
[White "Talsma, Paul"]
[Black "Girdlestone, Paul C"]
[Result "1-0"]
[WhiteElo "2163"]
[BlackElo "2008"]
[PlyCount "85"]
[EventDate "2020.02.08"]
[WhiteTeam "Anglian Avengers"]
[BlackTeam "Check Innmates"]

1. d4 d5 2. c4 e6 3. Nc3 Nf6 4. Bg5 Be7 5. Nf3 O-O 6. Qc2 Nc6 7. e3 h6 8. Bh4
a6 9. cxd5 exd5 10. a3 Re8 11. h3 Ne4 12. Bxe7 Rxe7 13. Bd3 Nxc3 14. Qxc3 Qd6
15. Rc1 Qf6 16. b4 Bf5 17. Bxf5 Qxf5 18. O-O Rae8 19. a4 f6 20. b5 axb5 21.
axb5 Nd8 22. Qc2 Qh5 23. Qa2 c6 24. Rc3 g5 25. Nh2 f5 26. Rfc1 g4 27. bxc6 bxc6
28. hxg4 fxg4 29. Nf1 Qg5 30. Ra3 h5 31. Ra7 h4 32. Rxe7 Qxe7 33. Rc3 Rf8 34.
Qe2 Qe4 35. Nd2 Qg6 36. e4 Re8 37. Re3 Rf8 38. exd5 cxd5 39. Nf1 Kh7 40. Re7+
Kh6 41. Qe3+ Kh5 42. Qe5+ Qf5 43. Rh7+ 1-0

[Event "4NCL Division 2a"]
[Site "Daventry, ENG"]
[Date "2020.02.08"]
[Round "5.35"]
[White "Parker, Francis"]
[Black "Myall, Ivan J"]
[Result "1-0"]
[WhiteElo "2005"]
[BlackElo "2050"]
[PlyCount "63"]
[EventDate "2020.02.08"]
[WhiteTeam "Check Innmates"]
[BlackTeam "Anglian Avengers"]

1. Nf3 d5 2. d4 Nf6 3. Bg5 e6 4. e3 c6 5. Bd3 Nbd7 6. Nbd2 Qb6 7. Rb1 h6 8. Bf4
Be7 9. c3 O-O 10. g4 Nxg4 11. Rg1 e5 12. dxe5 Nc5 13. Bc2 f6 14. b4 Ne4 15.
Nxe4 dxe4 16. Bxe4 fxe5 17. Nxe5 Nxe5 18. Bxe5 Bf6 19. Qh5 Qd8 20. Rxg7+ Bxg7
21. Bxg7 Qe7 22. Be5 Qf7 23. Qh4 Bf5 24. Qg3+ Qg6 25. Qxg6+ Bxg6 26. Bxg6 Rad8
27. f4 Rd7 28. Ke2 Rfd8 29. Bd4 b6 30. Bf5 Rd6 31. Rg1+ Kf8 32. Kf3 1-0

[Event "4NCL Division 2a"]
[Site "Daventry, ENG"]
[Date "2020.02.08"]
[Round "5.36"]
[White "Sheerin, Alex"]
[Black "Rabbitt, Michael"]
[Result "1-0"]
[WhiteElo "1990"]
[BlackElo "1994"]
[PlyCount "57"]
[EventDate "2020.02.08"]
[WhiteTeam "Anglian Avengers"]
[BlackTeam "Check Innmates"]

1. d4 d5 2. Bf4 Nf6 3. e3 g6 4. Nc3 c6 5. Bd3 Bg7 6. h4 O-O 7. h5 Nxh5 8. Rxh5
gxh5 9. Qxh5 f5 10. Nf3 Nd7 11. O-O-O Qe8 12. Qh2 e5 13. dxe5 Nc5 14. Rh1 Qg6
15. Be2 Ne6 16. Nh4 Qf7 17. Nxf5 h5 18. Nd6 Qe7 19. Qxh5 Rxf4 20. exf4 Nxf4 21.
Qh7+ Kf8 22. Nxc8 Nxe2+ 23. Nxe2 Qxe5 24. Rh3 Rxc8 25. Rf3+ Bf6 26. Qh8+ Kf7
27. Qxc8 Qxe2 28. Qd7+ Kg8 29. Qg4+ 1-0